000 00971nam a22001937a 4500
003 BR-ViAPE
005 20260422122336.0
008 260422s1914 por gs||||s000 0 por d
040 _cBR-ViAPE
110 _aEspírito Santo
_bEstado
245 _aMensagem apresentada ao Congresso Legislativo do Estado do Espírito Santo na abertura da 2ª sessão ordinaria da 8ª legislatura pelo Presidente do Estado Marcondes Alves de Souza em 15 de outubro de 1914
260 _aVitória
_bPapelaria e Ttpographia Popular
_c1914
300 _a133 p.
_bDocumento digitalizado (PDF)
500 _aDocumento digitalizado do acervo institucional do Arquivo Público do Estado do Espírito Santo - APEES.
650 _aAdministração pública
_zEspírito Santo
651 _aEspírito Santo
_xAdministração pública
856 _uhttps://ape.es.gov.br/Media/ape/PDF/Mensagens/Mensagem-2024/Mensagem%20-%20ano%201914.pdf
_yCLIQUE AQUI PARA ACESSAR O DOCUMENTO
942 _2ddc
_cMSGREL
_n1
999 _c549
_d549